1284 1494 1413 1413 1863 1982 1166 1165 1909 1713 1671 1080 1340 1698 1669 1774 1000 2000 1189 1316 1099 1076 1291 1622 1840 1625 1505 1719 1608 1018 1769 1229 1059 1183 1643 1300 1798 1007 1618 1289 1964 1967 1621 1313 1101 1504 1124 1639 1964 1432 1322 1348 1109 1209 1985 1184 1414 1416 1837 1263 1062 1809 1501 1370 1270 1070 1534 1713 1773 1371 1422 1705 1706 1871 1852 1481 1901 1099 1738 1866 1271 1601 1354 1449 1236 1884 1374 1494 1710 1624 1499 1474 1395 1802 1042 1141 1604 1119 1055 BCNSPRNW ULIB Ver.6.0+V

เปลี่ยนเป็นภาษาไทย

Change to English
 แสดงรายละเอียดบรรณานุกรม
  กลับหน้าหลัก

Brief Record : Get Marc (ISO 2709) : E-mail record : QR code < ปิดหน้าต่าง
LEADER : 00000nam 2200000uu 4500
001    13399127006
003     ULIB
008    190927s2562||||th 000 0 tha d
020    ^a9786163143211^c260 บาท
060  4 ^aWY160^bอ51ก
100 0  ^aเอกอุมา อิ้มคำ.
245 10 ^aการพยาบาลสุขภาพจิตและจิตเวช : ^bการประยุกต์ใช้กรณีเลือกสรร/^cเอกอุมา อิ้มคำ
260    ^aกรุงเทพฯ :^bมหาวิทยาลัยธรรมศาสตร์,^c2562.
300    ^a372 หน้า :^bภาพประกอบ ;^c26 ซม หน้า.
505    ^aแนวคิดหลักในการพยาบาลสุขภาพจิตและจิตเวช -- การเก็บรวบรวมข้อมูล การประเมินสภาพจิตและการวิเคราะห์กลไกการเกิดโรคในผู้ที่มีปัญหาสุขภาพจิตและจิตเวช -- การพยาบาลผู้รับบริการที่มีปัญหาสมาธิสั้นการเผชิญปัญหาและการสื่อสาร -- การพยาบาลผู้รับบริการที่มีความผิดปกติด้านพฤติกรรมความคิดและการรับรู้.
541    ^aจัดซื้อ
650  4 ^aการพยาบาลจิตเวชศาสตร์.
650  4 ^aผู้ป่วยจิตเภท^xการดูแล.
650  4 ^aผู้ป่วยจิตเวช^xการดูแล.
945    ^p260^l0^i27817
945    ^p260^l0^i27820
945    ^p260^l0^i27818
945    ^p260^l0^i27819
999    ^aกัณชพร จุลอักษร
รายการนี้ยังไม่มีแท็ก
คุณยังไม่ได้ล็อกอิน คุณสามารถมีกิจกรรมร่วมกับเว็บไซต์ได้ แต่ต้องล็อกอินก่อน ::
  ล็อกอิน

รายการสื่อสารสนเทศ

ลำดับที่ ประเภท เลขเรียก/บาร์โค้ด สถานที่ สถานะ
1. หนังสือสำรอง
หนังสือสำรอง
WY160 อ51ก ฉ.1 
  Barcode: 27817
ห้องสมุดวิทยาเขตนครสวรรค์
►หนังสือทั่วไป:l:General Books
บนชั้น
2. วิทยาศาสตร์การแพทย์ และสุขภาพ
วิทยาศาสตร์การแพทย์ และสุขภาพ
WY160 อ51ก ฉ.2 
  Barcode: 27818
ห้องสมุดวิทยาเขตนครสวรรค์
►หนังสือทั่วไป:l:General Books
บนชั้น
3. วิทยาศาสตร์การแพทย์ และสุขภาพ
วิทยาศาสตร์การแพทย์ และสุขภาพ
WY160 อ51ก ฉ.3 
  Barcode: 27819
ห้องสมุดวิทยาเขตนครสวรรค์
►หนังสือทั่วไป:l:General Books
บนชั้น
4. วิทยาศาสตร์การแพทย์ และสุขภาพ
วิทยาศาสตร์การแพทย์ และสุขภาพ
WY160 อ51ก ฉ.4 
  Barcode: 27820
ห้องสมุดวิทยาเขตนครสวรรค์
►หนังสือทั่วไป:l:General Books
บนชั้น

รายการใกล้เคียง
    ผู้แต่ง [เอกอุมา อิ้มคำ.]

    หัวเรื่อง [การพยาบาลจิตเวชศาสตร์.]
    หัวเรื่อง [ผู้ป่วยจิตเวช การดูแล.]

BibComment


ยังไม่เคยถูกคอมเมนท์

คอมเมนท์ทรัพยากรรายการนี้
  คอมเมนท์: การพยาบาลสุขภาพจ..


 Copyright 2026. Bcnsprnw @Library